Skylanders trap team catchphrase - Statistics

General Stats
  • This quiz has been taken 11 times
  • The average score is 15 of 36
Answer Stats
Hint Answer % Correct
Mind over matter Blastermind
100%
Gust and glory gusto
88%
nowhere to hide knightmare
88%
Croc and roll snapshot
88%
Axe to the max bushwhack
75%
boom time kaboom
75%
see the light knightlight
75%
cut to the chase shortcut
75%
a storm is coming thunderbolt
75%
Hammer it home wallop
75%
bringing the heat wildfire
75%
all geared up gearshift
63%
down for the count jawbreaker
63%
I've got the edge krypt king
63%
out of sight enigma
50%
star bright star fight lobstar
50%
eat this foodfight
38%
taking charge headrush
38%
buzz off highfive
38%
I have a bone to pick funnybone
25%
roll with it rockyroll
25%
time to shine spotlight
25%
fire it up torch
25%
tread and shred treadhead
25%
deal with it tuffluck
25%
darkness fall blackout
13%
looking sharp blades
13%
dino might chopper
13%
Charmed and ready cobra cadabra
13%
lets make some noice echo
13%
monkey see monkey doom flingkong
13%
the mane event trailblazer
13%
no rest for the wicked batspin
0%
did that just happen deju vu
0%
knock knock to late fistbump
0%
making waves flipwreck
0%
No matching quizzes found
Score Distribution
Percent of People with Each Score
Percentile by Number Answered
Your Score History
You have not taken this quiz